Movies Quiz

Random Movies Quiz

Tom Hanks Movies by Image Quiz Stats

 Plays Quiz Updated Oct 19, 2016

Score 0/25 Timer 08:00
6 Plays Today
Movie Column % Correct
Column 1Toy Story
97.9%
Column 1The Green Mile
88.6%
Column 5Saving Private Ryan
87.6%
Column 5Forrest Gump
86.7%
Column 3Cast Away
86.1%
Column 1The Polar Express
85.4%
Column 2Big
75.8%
Column 4The Simpsons Movie
70.5%
Column 2The Da Vinci Code
70.1%
Column 2Apollo 13
69.6%
Column 2A League of Their Own
68.2%
Column 1The Terminal
62.1%
Column 4Philadelphia
60.3%
Movie Column % Correct
Column 3Turner & Hooch
59.4%
Column 4Angels & Demons
59.3%
Column 3Catch Me If You Can
54.4%
Column 3Sleepless In Seattle
49.2%
Column 5Road to Perdition
41%
Column 3Joe Versus the Volcano
37.2%
Column 5You've Got Mail
32.6%
Column 2Splash
32.3%
Column 5Charlie Wilson's War
30%
Column 1The Ladykillers
29.9%
Column 4Bachelor Party
20.1%
Column 4Punchline
12.7%

You're not logged in!

Compare scores with friends on all Sporcle quizzes.
OR
Log In

Show Comments

Extras

Top Quizzes Today


Score Distribution

Your Account Isn't Verified!

In order to create a playlist on Sporcle, you need to verify the email address you used during registration. Go to your Sporcle Settings to finish the process.

Report this User

Report this user for behavior that violates our Community Guidelines.

Details: